Esto es Chaco
| Formato: | Libro |
|---|---|
| Publicado: |
Resistencia :
Taller Gráfico de la provincia,
1978.
|
| Materias: | |
| Etiquetas: |
Agregar Etiqueta
Sin Etiquetas, Sea el primero en etiquetar este registro!
|
MARC
| LEADER | 00000nam a22000004a 4500 | ||
|---|---|---|---|
| 001 | AR-BbUGT2753 | ||
| 003 | AR-BbUGT | ||
| 005 | 20210316175301.0 | ||
| 007 | ta | ||
| 008 | 061101t1978 |||abd |0|||0| d | ||
| 999 | |c 10312 |d 10312 | ||
| 040 | |a AR-BbUGT |b spa |c AR-BbUGT | ||
| 082 | 0 | 4 | |a 918.234 |
| 245 | 0 | 0 | |a Esto es Chaco |
| 260 | |a Resistencia : |b Taller Gráfico de la provincia, |c 1978. | ||
| 300 | |a 476 p. : |b il., mapas, tablas | ||
| 651 | 4 | |9 927 |a Chaco (Argentina : Provincia) | |
| 942 | |c BK |h 918.234 |i C344 |m D |2 ddc |6 918_234000000000000_C344 | ||